• 首页
  • 本馆介绍
  • 公告通知
  • 最新文献
  • 馆藏检索
  • 电子资源
  • 读者导购
  • 参考咨询
  • 我的图书馆
  • 登录
  • 详细信息显示
  • 放入我的书架
  • 预约/预借图书
  • 作者相关作品
  • 分类相关作品
  • 丛书相关作品
  • 出版社相关作品

书目信息

  • 表格格式
  • 工作单格式
  • 卡片格式
题名:
中国人民大学图书馆图书分类法
    
 
作者: ;中国人民大学图书馆 编著
分册:  
出版信息: 北京   中国人民大学出版社  1982
页数: 720页
开本: 20cm
丛书名:
单 册:
中图分类: G254.122
科图分类:
主题词: 中国人民大学图书馆--图书分类法
电子资源:
ISBN:
000 00763nam0 2200229 45
001 0197001785
005 20060607151153.93
010    @b精装@dCNY6.00
100    @a19970113d1982 y0chiy0120 ea
101 0  @achi
102    @aCN@b110000
105    @ay z 000yy
200 10 @a中国人民大学图书馆图书分类法@Azhong guo ren min da xue tu shu guan tu shu fen lei fa@f中国人民大学图书馆编著@Fzhong guo ren min da xue tu shu guan bian zhu
205    @a5版
210    @a北京@c中国人民大学出版社@d1982
215    @a720页@d20cm
540 1  @a分类法@Afen lei fa
606    @a中国人民大学图书馆@x图书分类法
690    @aG254.122@v3
711 02 @a中国人民大学图书馆@Azhong guo ren min da xue tu shu guan@4编著
801  0 @aCN@bTSSF@c20060607
905    @a10447@dG254.122@e68=5
    
    中国人民大学图书馆图书分类法/中国人民大学图书馆编著.-5版.-北京:中国人民大学出版社,1982
    720页;20cm
    
    
    ISBN (精装):CNY6.00
    
●
相关链接 在E读中查询图书 在五车中查询图书 在当当中查询图书 在豆瓣中查询图书


正题名:中国人民大学图书馆图书分类法     索取号:G254.122/68=5         预约/预借

序号 登录号 条形码 馆藏地/架位号 状态 备注
1 0420284   204202843   密集书库/ [索取号:G254.122/68=5] 在馆    
2 0421090   204210905   密集书库/ [索取号:G254.122/68=5] 在馆    
3 0421781   204217819   密集书库/ [索取号:G254.122/68=5] 在馆    
4 0421782   204217828   密集书库/ [索取号:G254.122/68=5] 在馆    
唐山师范学院图书馆 欢迎您!
大连网信软件有限公司© 版权所有